00514nam a22001337a 4500003000400000005001700004008004100021040002700062100006900089245016600158250000800324260004000332300000800372OSt20240410112534.0240410b |||||||| |||| 00| 0 eng d cCentral Library MRSPTU aDr. Harshindar Kaur (ਡਾ. ਹਰਸ਼ਿੰਦਰ ਕੌਰ) aBacchian Dian Manoviganik Samassiawan Te Ilaj (ਬੱਚਿਆਂ ਦੀਆਂ ਮਨੋਵਿਗਿਆਨਿਕ ਸਮੱਸਿਆਵਾਂ ਤੇ ਇਲਾਜ) a1st aBarnalabTarkbharti Parkashanc2006 a191